000 00455nam a2200193Ia 4500
008 240510s9999 xx 000 0 und d
020 _a0000985264252
041 _aEng
082 _a519.2 : 57
082 _bF35
100 _aFINNEY, David J.
245 0 _aStatistical method in biological assay
260 _bLondon : Charles Griffin
260 _c1978
300 _a508 p.
650 _aStatistics : biology
942 _2ddc
942 _cLBK
999 _c26356
_d26356
945 _a1
_bMadushi Gamage
_c1
_dMadushi Gamage